"Темничек" [по литературе]. Вып. 16: Курс 8-го класса (Запись № 6817663)

Подробности
000 -МАРКЕР
контрольное поле 01179nam2a22003011 4500
001 - ИДЕНТИФИКАТОР ЗАПИСИ
контрольное поле v19\rc\1959476
005 - ИДЕНТИФИКАТОР ВЕРСИИ
контрольное поле 20260406113006.0
035 ## - ДРУГИЕ СИСТЕМНЫЕ НОМЕРА
Идентификатор записи (NLR Aleph) 005043388
100 ## - ДАННЫЕ ОБЩЕЙ ОБРАБОТКИ
Данные общей обработки 20080428d1914 u y0rusy50 ca
101 0# - ЯЗЫК РЕСУРСА
Язык текста, звукозаписи и т.д. русский
102 ## - СТРАНА ПУБЛИКАЦИИ ИЛИ ПРОИЗВОДСТВА
Страна публикации Российская Федерация
105 ## - ПОЛЕ КОДИРОВАННЫХ ДАННЫХ: ТЕКСТОВЫЕ МАТЕРИАЛЫ, МОНОГРАФИЧЕСКИЕ
Кодированные данные о монографическом текстовом документе y z |||||
200 1# - ЗАГЛАВИЕ И СВЕДЕНИЯ ОБ ОТВЕТСТВЕННОСТИ
Основное заглавие Курс 8-го класса
Наименование части И.С. Тургенев
210 ## - ПУБЛИКАЦИЯ, РАСПРОСТРАНЕНИЕ И ДР.
Дата издания, распространения и т.д. 1914
215 ## - ФИЗИЧЕСКАЯ ХАРАКТЕРИСТИКА
Специфическое обозначение материала и объем 24 с.
461 #0 - УРОВЕНЬ НАБОРА
Встроенное поле 001v19\rc\1959460
-- 2001#$a"Темничек" [по литературе]$eВып. 1-20$fА.К. Семенов$vВып. 16
-- 700#1$aСеменов$bА.К.
Системный номер (АБИС) связанной записи 6817499
Автор Семенов, А.К.
Место публикации Одесса
Дата публикации 1913-1914
Первые сведения об ответственности А.К. Семенов
Имя издателя, распространителя и т.д. М.С. Козман
Сведения, относящиеся к заглавию Вып. 1-20
Физическая характеристика 20 т.
Заглавие "Темничек" [по литературе]
Номер тома Вып. 16
532 11 - РАСШИРЕННОЕ ЗАГЛАВИЕ
Заглавие Курс восьмого класса
702 #1 - ИМЯ ЛИЦА - ВТОРИЧНАЯ ОТВЕТСТВЕННОСТЬ
Код отношения Прочие
Материалы, к которым относится поле rus
Графика поля Кириллица
Начальный элемент ввода Тургенев
Часть имени, кроме начального элемента ввода И. С.
Даты 1818-1883
Расширение инициалов личного имени Иван Сергеевич
Идентификатор авторитетной/нормативной записи RU\NLR\AUTH\77102
Системный номер авторитетной/нормативной записи 110198
801 #0 - ИСТОЧНИК ЗАПИСИ
Страна Российская Федерация
Организация NLR
Правила каталогизации psbo
801 #0 - ИСТОЧНИК ЗАПИСИ
Страна Российская Федерация
Организация RuMoRGB
Источник данных psbo
801 #1 - ИСТОЧНИК ЗАПИСИ
Страна Российская Федерация
Организация ProSoft-M
Источник данных rusmarc
852 ## - МЕСТОНАХОЖДЕНИЕ И ШИФР ХРАНЕНИЯ
Идентификатор организации NLR
Шифр хранения (Call Number) 20.36.9.448
899 ## - ДАННЫЕ О МЕСТОНАХОЖДЕНИИ (устаревшее)
Местонахождение RuMoRGB
Шифр хранения P 47/120
899 ## - ДАННЫЕ О МЕСТОНАХОЖДЕНИИ (устаревшее)
Местонахождение БАН
942 ## - ДОПОЛНИТЕЛЬНЫЕ ЭЛЕМЕНТЫ ЗАПИСИ (АБИС)
Тип экземпляра АБИС Книга
980 ## - КОЛЛЕКЦИЯ
Название коллекции Национальная библиография
Экземпляры
Тип экземпляра Дата поступления Библиотека постоянного хранения Библиотека текущего хранения Место хранения Шифр хранения Штрих-код Статус экземпляра
Книга 26.10.2013 РНБ (Московский) РНБ (Московский) Неопределен, для заказа не доступен, в ЭК виден   5043388-30  
Книга 26.10.2013 РНБ (Садовая) РНБ (Садовая) Русский книжный фонд -Главное здание, Ленинский читальный зал 20.36.9.448 5043388-10